Cardiopatías del lactante / (Record no. 133079)

MARC details
000 -LEADER
campo de control de longitud fija 00595nam a2200193 4500
001 - NÚMERO DE CONTROL
campo de control 133079
003 - IDENTIFICADOR DE NÚMERO DE CONTROL
campo de control ES-MaACL
005 - FECHA Y HORA DE LA ÚLTIMA TRANSACCIÓN
campo de control 20230906194324.0
007 - CAMPO FIJO DE DESCRIPCIÓN FÍSICA--INFORMACIÓN GENERAL
campo de control de longitud fija t|
008 - DATOS DE LONGITUD FIJA--INFORMACIÓN GENERAL
campo de control de longitud fija 070214s1999 sp r ||||1| spa d
100 1# - ENTRADA PRINCIPAL--NOMBRE DE PERSONA
Nombre de persona Rossi, Ettore.
9 (RLIN) 99868
245 10 - MENCIÓN DEL TÍTULO
Título Cardiopatías del lactante /
Mención de responsabilidad, etc. Ettore Rossi ; prólogo de M. Suárez ; traducción de J. A. Velasco.
250 ## - MENCION DE EDICION
Mención de edición 1ª. ed.
260 ## - PUBLICACIÓN, DISTRIBUCIÓN, ETC.
Lugar de publicación, distribución, etc. Madrid :
Nombre del editor, distribuidor, etc. Javier Morata,
Fecha de publicación, distribución, etc. 1958.
300 ## - DESCRIPCIÓN FÍSICA
Extensión 527 p., 12 lám. :
Otras características físicas il. ;
Dimensiones 25 cm.
700 1# - ENTRADA AGREGADA--NOMBRE PERSONAL
Nombre de persona Suárez, M.
9 (RLIN) 108571
700 1# - ENTRADA AGREGADA--NOMBRE PERSONAL
Nombre de persona Velasco, J. A.
9 (RLIN) 113726
852 ## - LOCALIZACIÓN
Ubicación ES-MaACL
Número de control de estantería C-14670
Sublocalización o colección R.42857
Holdings
Estatus retirado Estado de pérdida Estado de daño No para préstamo Biblioteca de origen Biblioteca actual Ubicación en estantería Fecha de adquisición Fuente de adquisición Total de préstamos Signatura topográfica completa Código de barras Visto por última vez Precio de reemplazo Tipo de ítem Koha
        Biblioteca del Ateneo de Madrid Biblioteca del Ateneo de Madrid Ficheros 17/01/2008     C-14670 1138543 23/02/2023 23/02/2023 Libro impreso